O hospital de alfaces (Record no. 16408)

MARC details
000 -Etiqueta do registo
Valores 00588nam a2200193 4500
010 ## - Número ISBN
ISBN 9789895814220
021 ## - Número do Depósito Legal
Número 541516/24
100 ## - Dados gerais de processamento
Dados gerais 20250901d2025 em y0pory50030103ba
200 1# - Titulo e menção de responsabilidade
Título próprio O hospital de alfaces
Primeira menção de responsabilidade Pedro Chagas Freitas
205 ## - Menção da edição
Edição 7ª ed
210 #9 - Publicação
Local de publicação Alfragide
Nome do editor Oficina do Livro,
Data de publicação 2025
215 ## - Descrição física 
Paginação / Volumes 236 p.
Dimensões 24 cm
675 ## - CDU
Notação 821.134.3-31"20"
Edição BN
Língua por
700 #1 - Autor principal (pessoa individual)
Apelido Freitas,
Nome Pedro Chagas,
Datas 1979-
801 #0 - Fonte de origem
País PT
Agência BN
Regras de catalogação RPC
856 41 - Localização e acesso electrónico 
URL <a href="http://rnod.bnportugal.gov.pt/ImagesBN/winlibimg.aspx?skey=&doc=2224894&img=211541&save=true">http://rnod.bnportugal.gov.pt/ImagesBN/winlibimg.aspx?skey=&doc=2224894&img=211541&save=true</a>
990 ## - Elementos KOHA
Tipo de documento Livro
Holdings
Situação do levantamento Estado Número Biblioteca de origem Código de barras Cota Permissão de empréstimo Tipo de documento Forma de aquisição
    BMA Biblioteca Municipal do Alandroal 18488/25 821.134.3-31 FRE   Livro Compra

Powered by Koha